| 000 | 00803cam a2200217 i 4500 | ||
|---|---|---|---|
| 005 | 20181108160235.0 | ||
| 008 | 160705s2017 ctua b 001 0 eng | ||
| 020 | _a9780300222746 | ||
| 040 |
_aCO-BoUCM _bspa _cDoris Forero _dDoris Forero |
||
| 041 | _aeng | ||
| 100 | 1 |
_aHighmore, Ben _d1961- _994346 |
|
| 245 | 1 | 4 |
_aThe art of brutalism _brescuing hope from catastrophe in 1950s Britain _cBen Highmore |
| 260 |
_aNew Haven _bYale University Press _c2017 |
||
| 300 |
_a297 páginas _bIlustraciones |
||
| 650 | 7 |
_aArte _99444 _xBritanico |
|
| 650 | 7 |
_aArte y sociedad _99532 |
|
| 650 | 7 |
_aHistoria _zGran Breataña _ySiglo 20 _97695 |
|
| 650 | 7 |
_aArquitectura y sociedad _zGran Breataña _ySiglo 20 _99421 |
|
| 942 |
_2DEWEY _a17 _cLIBRO _e1 _h701.03 _mH638 |
||
| 999 |
_c310844 _d310844 |
||